00340 2200145 4500001002100000005001500021035002000036245003700056100001800093250000600111260003100117082000800148084001400156990002400170INLIS00000000000248420250604111141 a0010-06250000701 aJalan Bandungan /cAnggota IKAPI0 aAnggota IKAPI a1 aJakarta :bJambatan,c2002 a813 a813 ANG j a02.1770 s/d 02.1779